McDonald and Avery's dentistry for the child and adolescent / (Record no. 26851)
[ view plain ]
| 000 -LEADER | |
|---|---|
| fixed length control field | 03330cam a22003255a 4500 |
| 001 - CONTROL NUMBER | |
| control field | 18462413 |
| 005 - DATE AND TIME OF LATEST TRANSACTION | |
| control field | 20181216123811.0 |
| 008 - FIXED-LENGTH DATA ELEMENTS--GENERAL INFORMATION | |
| fixed length control field | 150122t2016 moua frb 001 0 eng d |
| 010 ## - LIBRARY OF CONGRESS CONTROL NUMBER | |
| LC control number | 2015002959 |
| 020 ## - INTERNATIONAL STANDARD BOOK NUMBER | |
| International Standard Book Number | 9780323287456 (hardcover : alk. paper) |
| 035 ## - SYSTEM CONTROL NUMBER | |
| System control number | (DNLM)101650054 |
| 040 ## - CATALOGING SOURCE | |
| Original cataloging agency | DNLM/DLC |
| Language of cataloging | eng |
| Transcribing agency | DLC |
| Modifying agency | DLC |
| -- | EG-ScBUE |
| -- | EG-ScBUE |
| 082 04 - DEWEY DECIMAL CLASSIFICATION NUMBER | |
| Classification number | 617.645 |
| Item number | MCD |
| Edition number | 22 |
| 245 00 - TITLE STATEMENT | |
| Title | McDonald and Avery's dentistry for the child and adolescent / |
| Statement of responsibility, etc | [edited by] Jeffrey A. Dean... [et al.] |
| 246 1# - VARYING FORM OF TITLE | |
| Title proper/short title | Dentistry for the child and adolescent |
| 250 ## - EDITION STATEMENT | |
| Edition statement | 10th ed. |
| 260 ## - PUBLICATION, DISTRIBUTION, ETC. (IMPRINT) | |
| Place of publication, distribution, etc | Missouri : |
| Name of publisher, distributor, etc | Elsevier, |
| Date of publication, distribution, etc | c.2016. |
| 300 ## - PHYSICAL DESCRIPTION | |
| Extent | xix, 700 p. : |
| Other physical details | ill. (chiefly col.) ; |
| Dimensions | 29 cm. |
| 504 ## - BIBLIOGRAPHY, ETC. NOTE | |
| Bibliography, etc | Includes bibliographical references and index. |
| 505 0# - FORMATTED CONTENTS NOTE | |
| Formatted contents note | Examination of the mouth and other relevant structures --<br/>Radiographic techniques --<br/>Acquired and developmental disturbances of the teeth and associated oral structures --<br/>Development and morphology of the primary teeth --<br/>Clinical genetics for the dental practitioner --<br/>Child abuse and neglect --<br/>Mechanical and chemotherapeutic home oral hygiene --<br/>Nutritional considerations for the pediatric dental patient --<br/>Dental caries in the child and adolescent --<br/>Pit-and-fissure sealants and preventive resin restorations --<br/>Restorative dentistry --<br/>Dental materials --<br/>Treatment of deep caries, vital pulp exposure, and pulpless teeth --<br/>Gingivitis and periodontal disease --<br/>Local anesthesia and pain control for the child and adolescent --<br/>Nonpharmacologic management of children's behaviors --<br/>Pharmacologic management of patient behavior --<br/>Hospital dental services for children and the use of general anesthesia --<br/>Eruption of the teeth: local, systemic, and congenital factors that influence the process --<br/>Growth of the face and dental arches --<br/>Cephalometrics and facial aesthetics : the key to complete treatment planning --<br/>Managing the developing occlusion --<br/>Multidisciplinary team approach to cleft lip and palate management --<br/>Prosthodontic treatment of the adolescent patient --<br/>Dental problems of children with special health care needs --<br/>Management of the medically compromised patient : hematologic disorders, cancer, hepatitis, and aids --<br/>Management of trauma to the teeth and supporting tissues --<br/>Tumors of the oral soft tissues and cysts and tumors of bone --<br/>Oral surgery for the pediatric patient --<br/>The child in context of the family, community, and society --<br/>Practice management. |
| 520 ## - SUMMARY, ETC. | |
| Summary, etc | "McDonald and Avery's Dentistry for the Child and Adolescent, 10th Edition discusses pediatric examination, development, morphology, eruption of the teeth, and dental caries in depth - and emphasizes prevention and the treatment of the medically compromised patient. Boasting a new design and handy Evolve site, this new edition by Jeffrey A. Dean equips you with the latest diagnostic and treatment recommendations in the fast-growing field of pediatric dentistry"--Publisher's description. |
| 650 #7 - SUBJECT ADDED ENTRY--TOPICAL TERM | |
| Topical term or geographic name as entry element | Dental Care for Children. |
| Source of heading or term | BUEsh |
| 650 #7 - SUBJECT ADDED ENTRY--TOPICAL TERM | |
| Topical term or geographic name as entry element | Pediatric Dentistry |
| General subdivision | methods. |
| Source of heading or term | BUEsh |
| 651 ## - SUBJECT ADDED ENTRY--GEOGRAPHIC NAME | |
| Source of heading or term | BUEsh |
| 653 ## - INDEX TERM--UNCONTROLLED | |
| Resource For college | |
| Arrived date list | September2018 |
| -- | November2018 |
| 655 ## - INDEX TERM--GENRE/FORM | |
| Form subdivision | Reading book |
| 700 1# - ADDED ENTRY--PERSONAL NAME | |
| Personal name | Dean, Jeffrey A. |
| Fuller form of name | (Jeffrey Alan), |
| Relator term | editor. |
| 856 42 - ELECTRONIC LOCATION AND ACCESS | |
| Uniform Resource Identifier | <a href="https://evolve.elsevier.com/cs/">https://evolve.elsevier.com/cs/</a> |
| 942 ## - ADDED ENTRY ELEMENTS (KOHA) | |
| Source of classification or shelving scheme | Dewey Decimal Classification |
| Withdrawn status | Item status | Source of classification or shelving scheme | Damaged status | Not for loan | Vendor | Home library | Current library | Shelving location | Date acquired | Source of acquisition | Total Checkouts | Total Renewals | Full call number | Barcode | Date last seen | Date last borrowed | Koha item type | Cost, normal purchase price | Checked out |
|---|---|---|---|---|---|---|---|---|---|---|---|---|---|---|---|---|---|---|---|
| Dewey Decimal Classification | Baccah | Central Library | Central Library | First floor | 23/09/2018 | Purchase | 4 | 20 | 617.645 MCD | 000043592 | 24/08/2022 | 21/11/2020 | Book - Borrowing | ||||||
| Dewey Decimal Classification | Baccah | Central Library | Central Library | First floor | 04/11/2018 | Purchase | 1 | 2 | 617.645 MCD | 000043794 | 25/12/2018 | 25/12/2018 | Book - Borrowing | 1350.00 | 12/10/2022 | ||||
| Dewey Decimal Classification | Baccah | Central Library | Central Library | First floor | 04/11/2018 | Purchase | 617.645 MCD | 000043795 | 24/08/2022 | NB - Book (Non borrowing) |